000
00295nam a22001337a 4500
005
20231009141302.0
008
231009b ||||| |||| 00| 0 eng d
040
_c
AL
041
_a
English
082
_2
23
100
_a
Harrison E J
_9
136737
245
_a
Manual of Karate
942
_2
ddc
_c
BK
999
_c
228934
_d
228934